Sociología para el profesor

Guardat en:
Dades bibliogràfiques
Autors principals: Valenzuela F., María Inés (Autor), Bustos Q., Rosalía (Autor)
Format: Llibre
Idioma:espanyol
Publicat: Santiago Universitaria 1979
Col·lecció:Colección Manuales y Monografías
Matèries:
Etiquetes: Afegir etiqueta
Sense etiquetes, Sigues el primer a etiquetar aquest registre!

MARC

LEADER 00000nam a2200000 a 4500
001 UCY4696
003 CL-VaPUC
008 950324e19790000CL |||||||||||||||||spa|d
082 0 4 |a 306.43  |b VAL  |2 21 
100 0 |a Valenzuela F., María Inés  |e author  |9 333159 
700 0 |a Bustos Q., Rosalía  |e author  |9 333160 
245 1 0 |a Sociología para el profesor 
300 |a 315 p 
942 |c BK 
945 |d 19950324 00:00:00  |a rbrito 
260 |a Santiago  |b Universitaria  |c 1979 
650 0 |a Sociología de la educación   |9 260380 
583 |a last modification  |c 19950324 00:00:00  |k Rodrigo Vera 
490 0 |a Colección Manuales y Monografías 
999 |c 232472  |d 232470 
952 |0 0  |1 0  |4 0  |6 306_430000000000000_VAL_1979  |7 0  |8 P  |9 236991  |a BIBEDU  |b BIBEDU  |c BIBEDU_PB  |d 2019-11-15  |i 3069761  |o 306.43 VAL 1979  |p 3069761  |r 2024-01-25  |w 2019-11-15  |y BK  |k EDU 
952 |0 0  |1 0  |4 0  |6 306_430000000000000_VAL_1979  |7 0  |8 P  |9 236992  |a BIBEDU  |b BIBEDU  |c BIBEDU_PB  |d 2019-11-15  |i 306977K  |o 306.43 VAL 1979  |p 306977K  |r 2024-01-25  |w 2019-11-15  |y BK  |k EDU 
952 |0 0  |1 0  |4 0  |6 306_430000000000000_VAL_1979  |7 0  |8 P  |9 236993  |a BIBEDU  |b BIBEDU  |c BIBEDU_PB  |d 2019-11-15  |i 3069788  |o 306.43 VAL 1979  |p 3069788  |r 2024-01-25  |w 2019-11-15  |y BK  |k EDU 
952 |0 0  |1 0  |4 0  |6 306_430000000000000_VAL_1979  |7 0  |8 P  |9 236994  |a BIBEDU  |b BIBEDU  |c BIBEDU_PB  |d 2019-11-15  |i 3069796  |o 306.43 VAL 1979  |p 3069796  |r 2024-01-25  |w 2019-11-15  |y BK  |k EDU 
952 |0 0  |1 0  |4 0  |6 306_430000000000000_VAL_1979  |7 0  |8 P  |9 236995  |a BIBEDU  |b BIBEDU  |c BIBEDU_PB  |d 2019-11-15  |i 306980K  |o 306.43 VAL 1979  |p 306980K  |r 2024-01-25  |w 2019-11-15  |y BK  |k EDU 
952 |0 0  |1 0  |4 0  |6 306_430000000000000_VAL_1979  |7 0  |8 P  |9 236996  |a BIBEDU  |b BIBEDU  |c BIBEDU_PB  |d 2019-11-15  |i 3069818  |o 306.43 VAL 1979  |p 3069818  |r 2024-01-25  |w 2019-11-15  |y BK  |k EDU 
952 |0 0  |1 0  |4 0  |6 306_430000000000000_VAL_1979  |7 0  |8 P  |9 236997  |a BIBEDU  |b BIBEDU  |c BIBEDU_PB  |d 2019-11-15  |i 3069826  |o 306.43 VAL 1979  |p 3069826  |r 2024-01-25  |w 2019-11-15  |y BK  |k EDU 
952 |0 0  |1 0  |4 0  |6 306_430000000000000_VAL_1979  |7 0  |8 P  |9 236998  |a BIBEDU  |b BIBEDU  |c BIBEDU_PB  |d 2019-11-15  |i 3069834  |o 306.43 VAL 1979  |p 3069834  |r 2024-01-25  |w 2019-11-15  |y BK  |k EDU 
952 |0 0  |1 0  |4 0  |6 306_430000000000000_VAL_1979  |7 0  |8 A  |9 236999  |a BIBGIM  |b BIBGIM  |d 2019-11-15  |i 3374351  |o 306.43 VAL 1979  |p 3374351  |r 2025-01-15  |w 2019-11-15  |y BK  |k GIM